000 00331 a2200157 4500
001 162634
020 _a
040 _cMagnum
100 _aBarro, João de
240 1 0 _aA formiguinha e a neve
_lpor
245 1 0 _aA formiguinha e a neve
362 0 _a1899
440 1 _aModerna
697 _aLITERATURA INFANTO
942 _cBK
999 _c162634
_d162634